000 00331cam a22001097a 4500
008 180718b1957 xxu||||| |||| 00| 0 eng d
082 _aO9x42 Un3
245 _aHealth education
_cBy Her Majaesty's stationery office
260 _aLondon
_bHer Majaesty's stationery office
_c1957
300 _a184p
650 _aHealth education --Europe
999 _c410782
_d410782